Identifying marine phytoplankton
Tallennettuna:
| Muut tekijät: | |
|---|---|
| Aineistotyyppi: | Kirja |
| Kieli: | englanti |
| Julkaistu: |
San Diego, CA., USA.
Academic Press,
1997
|
| Aiheet: | |
| Linkit: | Disponible Online |
| Tagit: |
Lisää tagi
Ei tageja, Lisää ensimmäinen tagi!
|
MARC
| LEADER | 00000nam a2200000 a 4500 | ||
|---|---|---|---|
| 001 | UCP9606 | ||
| 003 | CL-VaPUC | ||
| 005 | 20211028074335.0 | ||
| 008 | 000331e19970000US |||||||||||||||||eng|d | ||
| 999 | |c 286398 |d 286396 | ||
| 040 | |c Pontificia Universidad Católica de Valparaíso | ||
| 082 | 0 | 4 | |a 589.4 TOM 1997 |2 21 |
| 100 | 0 | |a Tomas, Carmelo R |e editor |9 440248 | |
| 245 | 1 | 0 | |a Identifying marine phytoplankton |
| 260 | |a San Diego, CA., USA. |b Academic Press, |c 1997 | ||
| 300 | |a 858 páginas | ||
| 583 | |a last modification |c 20000331 00:00:00 |k Rodrigo Vera | ||
| 650 | 0 | |a Fitoplancton |9 261810 | |
| 650 | 0 | |a Plancton |2 CL-VaPUC |9 261727 | |
| 650 | 0 | |a Plantas acuáticas |2 CL-VaPUC |9 338099 | |
| 650 | 0 | |a Plantas marinas |2 CL-VaPUC |9 345217 | |
| 650 | 0 | |a Vegetación |9 264748 | |
| 650 | 0 | |a Vida marina |2 CL-VaPUC |9 358177 | |
| 856 | |u http://bibliografiadigital.pucv.cl.pucv.idm.oclc.org/index.php/bibliotecapucv/catalog/book/811 |y Disponible Online | ||
| 942 | |c BK |2 ddc | ||
| 945 | |d 20000331 00:00:00 |a vberengu | ||
| 952 | |0 0 |1 0 |2 ddc |4 0 |6 589_400000000000000_TOM_1997 |7 0 |8 CCM |9 332209 |a BIBCUR |b BIBCUR |d 2019-11-20 |i 3554996 |l 2 |m 2 |o 589.4 TOM 1997 |p 3554996 |r 2025-04-22 |s 2024-04-18 |w 2019-11-20 |y BK |k CIM | ||